Cumhuriyet Türkiye'sinde nifak hareketleri (Record no. 10656)

MARC details
000 -BAŞLIK
Sabit Uzunlukta Kontrol Alanı 00693na a2200241 4500
001 - KONTROL NUMARASI
Denetim Alanı 24095
003 - KONTROL NUMARASI IDENTIFIER
Denetim Alanı MIRAKIL
005 - SON İŞLEM TARİHİ VE ZAMANI
Denetim Alanı 20181213155330.0
008 - SABİT-BOY VERİ ELEMANLARI - GENEL BİLGİLER
Sabit Uzunlukta Kontrol Alanı 180326b tu 000 0
020 ## - ULUSLARARASI STANDART KİTAP NUMARASI
Uluslararası Standart Kitap Numarası 9758715828
040 ## - KATALOGLAMA KAYNAK
Orijinal Kataloglama Ajansı Milas
Kataloglama Dili tur
Metne Dönüştürmek Ajansı TR-AnCHP
041 ## - DİL KODU
Metin / Ses Parça Veya Ayrı Başlığın Dil Kodu tur
082 ## - DEWEY ONLU SINIFLANDIRMA NUMARASI
Sınıflandırma Numarası 320.9561
Ürün Numarası A43c 2007
090 ## - SINIFLAMA NUMARASI
Sınıflama Numarası 320.9561 A43c 2007
100 ## - ANA GİRİŞ - KİŞİSEL İSİM
Kişisel Ad Akgül, Ahmet
245 ## - BAŞLIK TABLOSU
Başlık Cumhuriyet Türkiye'sinde nifak hareketleri
Sorumluluk Tablosu, Vb Ahmet Akgül
260 ## - YAYIN, DAĞITIM, VB
Yayın, Dağıtım, Vb Yeri İstanbul
Yayıncı, Dağıtıcı, Vs Adı Bilge Karınca
Yayın, Dağıtım, Vb Tarihi 2007
Üretici Firma Kuşak ofset
300 ## - FİZİKSEL TANIM
Kapsam 1103 s.
Boyutlar 21 sm.
440 ## - SERİSİ TABLOSU / KATMA GİRİŞİ - BAŞLIK
Başlık Bilge karınca
Bir İşin Parçası / Bölüm Sayısı Ganel yayın Nu- 140
650 ## - KONU KATMA GİRİŞ - TOPİKAL DÖNEM
Topikal Süreli Veya Coğrafi Ad Giriş Elemanı siyaset ve Din
Genel Alt Bölümü Türkiye
650 ## - KONU KATMA GİRİŞ - TOPİKAL DÖNEM
Topikal Süreli Veya Coğrafi Ad Giriş Elemanı Siyaset ve yönetim
Genel Alt Bölümü Türkiye
942 ## - EKLENDİ GİRİŞ ELEMANLARI (KOHA)
Sınıflandırma Veya Raf Düzeni Kaynak
Koha Öğesi Türü Books
999 ## - SİSTEM KONTROL NUMARALARI (KOHA)
Koha Biblionumber 10656
Koha Biblioitemnumber 10656
Holdings
Kalıcı Konum Mevcut Konum Edinme Tarihi Edinim Kaynak Toplam Check-Out'Lar Tam Çağrı Numarası Barkod Tarih Son Görülme İtibaren Geçerli Fiyatlar Koha Öğesi Türü
CHP Kütüphanesi CHP Kütüphanesi 03/26/2018 Bağış   320.9561 A43c 2007 018129 03/26/2018 03/26/2018 Books